00514nam a22001577a 4500020001800000041000800018082001700026100002000043245007400063260004000137300000800177650001700185942000700202952013000209999001700339 a9781781634158 aENG a342.091bMIL aMiller, Derrick aComparative principles of Western and Islamic constitutional concepts aLondon, bKoros Press Limitedc2014 a304 aConstitution cBK 00104070aHMIbHMIcGENd2025-09-26eKohinoor Book Distributorg13068.00l0o342.091 MILp26023r2025-09-26w2025-09-26yBK c23580d23580